000 00353nam a2200133Ia 4500
008 100328s9999 xx 000 0 und d
082 _b69742
100 _aअंतरकर आनंद.
245 _aछायानट.
260 _bब्लू बर्ड.
630 _aछायानट.
730 _aछायानट.
942 _cBOOK
999 _c555472
_d555469